Développement territorial : Repenser les relations villes-campagnes (notice n° 1566745)

détails MARC
000 -LEADER
fixed length control field 01487cam a2200133 4500500
005 - DATE AND TIME OF LATEST TRANSACTION
control field 20251214002049.0
041 ## - LANGUAGE CODE
Language code of text/sound track or separate title fre
042 ## - AUTHENTICATION CODE
Authentication code dc
100 10 - MAIN ENTRY--PERSONAL NAME
Personal name Talandier, Magali
Relator term author
245 00 - TITLE STATEMENT
Title Développement territorial : Repenser les relations villes-campagnes
260 ## - PUBLICATION, DISTRIBUTION, ETC.
Name of publisher, distributor, etc. Armand Colin,<br/>
Date of publication, distribution, etc. 2023.<br/>
520 ## - SUMMARY, ETC.
Summary, etc. La révolution industrielle, l’essor d’une économie tertiaire, puis la globalisation ont profondément modifié notre rapport à l’espace, à l’habiter, nous faisant ainsi passer d’une société rurale à une société métropolisée. Tous les territoires accompagnent, subissent, anticipent ces transformations socio-économiques. À l’heure de l’urgence climatique, les villes, à la fois productrices et consommatrices de ressources, doivent inventer de nouveaux modes de développement, plus sobres et plus résilients. Cet ouvrage propose une synthèse des modèles de développement territorial et une analyse de leurs impacts sociaux et environnementaux. Il présente également des exemples alternatifs sur la base de cas concrets, qui permettent de mettre à distance les concepts établis et les approches caricaturales, afin de repenser de façon systémique les liens entre villes et campagnes. Car, c’est à cette condition que les territoires pourront devenir des leviers essentiels de la transition socio-écologique.
856 41 - ELECTRONIC LOCATION AND ACCESS
Uniform Resource Identifier <a href="https://shs.cairn.info/developpement-territorial--9782200632632?lang=fr&redirect-ssocas=7080">https://shs.cairn.info/developpement-territorial--9782200632632?lang=fr&redirect-ssocas=7080</a>

Pas d'exemplaire disponible.

PLUDOC

PLUDOC est la plateforme unique et centralisée de gestion des bibliothèques physiques et numériques de Guinée administré par le CEDUST. Elle est la plus grande base de données de ressources documentaires pour les Étudiants, Enseignants chercheurs et Chercheurs de Guinée.

Adresse

627 919 101/664 919 101

25 boulevard du commerce
Kaloum, Conakry, Guinée

Réseaux sociaux

Powered by Netsen Group @ 2025